do you know your paw patrol characters? - Statistics

General Stats
  • This quiz has been taken 597 times
  • The average score is 4 of 7
Answer Stats
Hint Answer % Correct
this pup flies sky
98%
this is a police pup chase
97%
this pup says im ready to dive in zuma
76%
this is the last pup who joined rubble
67%
she runs a pet care store katie
54%
a cat who stole chips from a sea gull once kalie
8%
this pup went haywire once robo pup
7%
No matching quizzes found
Score Distribution
Percent of People with Each Score
Percentile by Number Answered
Your Score History
You have not taken this quiz